000 01074nam a2200301 i 4500
001 000010134
003 DO-SdBNP
005 20250120084525.0
007 ta
008 091005s1978 dr ac 000 0 spa d
040 _aDO-SdBNP
_bspa
_cBNPHU
_erda
082 4 _aRD861.44
_bA958p
_222
100 1 _aAvilés Blonda, Máximo,
_d1931-1988
_eautor
_4aut.
_97914
245 1 4 _aLos profetas /
_cMáximo Avilés Blonda.
264 1 _aSanto Domingo :
_bEditora Profesional,
_c1978.
300 _a122 páginas :
_bilustraciones, retratos ;
_c22 cm.
336 _atexto
_btxt
_2rdacontent
337 _asin mediación
_bn
_2rdamedia
338 _avolumen
_bnc
_2rdacarrier
500 _aIncluye referencias bibliográficas y notas al pie de las páginas.
500 _aIncluye datos biográficos del autor en la contracubierta.
586 _aPremio Nacional de Poesía "Gastón F. Deligne", 1977
590 _aInventariado, 2018/LP
650 0 _aPoesía dominicana
_966
650 0 _aLiteratura dominicana.
_967
910 _aValidado. Control de calidad BNPHU
942 _2ddc
_cLBS1
999 _c9893
_d9893